ბათუმის შოთა რუსთაველის სახელმწიფო უნივერსიტეტის ბიბლიოთეკა

ეროვნული ტრადიციები, როგორც აღზრდის საშუალება (აჭარაში დაცული ეთნოგრაფიული და ფოლკლორული მასალების მიხედვით) / (ბიბ.ჩანაწერი № 51653)

000 -ლიდერი
ფიქსირებული სიგრძის საკონტროლო ველი 02103nam a2200277Ia 4500
001 - საკონტროლო ნომერი
საკონტროლო ველი 18644
003 - საკონტროლო ნომრის იდენტიფიკატორი
საკონტროლო ველი GE_BSU
005 - ბოლო ოპერაციის თარიღი და დრო
საკონტროლო ველი 20210525132612.0
008 - ფიქსირებული სიგრძის მონაცემთა ელემენტები - ზოგადი ინფორმაცია
ფიქსირებული სიგრძის საკონტროლო ველი 181216s2005||||ge |||||||||||||| ||geo||
040 ## - კატალოგიზაციის წყარო
Transcribing agency GE_BSU
041 ## - ენის კოდი
Language code of text/sound track or separate title geo
080 ## - უნივერსალური ათობითი კლასიფიკაციის ინდექსი
Universal Decimal Classification number 39 მ-25
100 ## - მთავარი ჩანაწერი - პიროვნების სახელი
Personal name მამულაძე, ნანა
9 (RLIN) 10466
245 ## - ცნობა სათაურის შესახებ
Title ეროვნული ტრადიციები, როგორც აღზრდის საშუალება (აჭარაში დაცული ეთნოგრაფიული და ფოლკლორული მასალების მიხედვით) /
Statement of responsibility, etc ნანა მამულაძე; სამეცნიერო ხელმძღვანელი თ.კარანაძე, ი.ბიბილეიშვილი; ბათუმის შოთა რუსთაველის სახელმწიფო უნივერსიტეტი.
264 ## - წარმოების, გამოცემის, დისტრიბუციის და სხვა ცნობები
გამოცემის, წარმოების, დისტრიბუციის... ადგილი ბათუმი,
გამოცემის, წარმოების, დისტრიბუციის... სახელწოდება
გამოცემის, წარმოების, დისტრიბუციის... თარიღი 2005.
300 ## - ფიზიკური აღწერა
Extent 163 გვ.;
Other physical details 30 სმ.
504 ## - BIBLIOGRAPHY, ETC. NOTE
Bibliography, etc ბიბლიოგრ.: გვ. 149-163
653 ## - INDEX TERM--UNCONTROLLED
Uncontrolled term დისერტაცია
653 ## - INDEX TERM--UNCONTROLLED
Uncontrolled term ეთნოგრაფია. ეთნოლოგია
653 ## - INDEX TERM--UNCONTROLLED
Uncontrolled term ბავშვის აღზრდის ხალხური ტრადიციები საქართველოში
653 ## - INDEX TERM--UNCONTROLLED
Uncontrolled term ეროვნული ტრადიციები,როგორც აღზრდის საშუალება (აჭარაში დაცული ეთნოგრაფიული და ფოლკლორული მასალების მიხედვით)
700 ## - ADDED ENTRY--PERSONAL NAME
Personal name კარანაძე, თ.
Relator term სამეცნიერო ხელმძღვანელი
9 (RLIN) 9960
700 ## - ADDED ENTRY--PERSONAL NAME
Personal name ბიბილეიშვილი, ი.
Relator term სამეცნიერო ხელმძღვანელი
9 (RLIN) 3836
710 ## - ADDED ENTRY--CORPORATE NAME
Corporate name or jurisdiction name as entry element ბათუმის შოთა რუსთაველის სახელმწიფო უნივერსიტეტი
9 (RLIN) 11888
942 ## - ADDED ENTRY ELEMENTS (KOHA)
Koha item type წიგნი
Source of classification or shelving scheme
ეგზემპლარები
ჩამოწერის სტატუსი დაკარგული ეგზემპლარის სტატუსი კლასიფიკაციის წყარო ან თაროზე გაწყობის სქემა დაზიანების სტატუსი არ გაიცემა მუდმივი მდებარეობა (დაცვის ადგილი) ამჟამინდელი ადგილსამყოფელი თაროზე განთავსების ადგილი შეძენის თარიღი სრული შენახვის შიფრი შტრიხკოდი ბოლო ოპერაციის თარიღი ეგზემპლარის მიმდევრობითი ნომერი (კეტერი?) ფასის ძალაში შესვლის თარიღი ეგზემპლარის სახეობა
          ბათუმის შოთა რუსთაველის სახელმწიფო უნივერსიტეტის მთავარი ბიბლიოთეკა ბათუმის შოთა რუსთაველის სახელმწიფო უნივერსიტეტის მთავარი ბიბლიოთეკა წიგნსაცავი 2018-12-17 39 მ-25 3 დისერტ. 2018-12-17 3 2018-12-17 დისერტაცია